MyGZULibrary

Diaspora networks and the international migration of skills : (Record no. 3618)

MARC details
000 -LEADER
fixed length control field 01208cam a22003374a 4500
001 - CONTROL NUMBER
control field 14361183
003 - CONTROL NUMBER IDENTIFIER
control field GZU
005 - DATE AND TIME OF LATEST TRANSACTION
control field 20201202153549.0
008 - FIXED-LENGTH DATA ELEMENTS--GENERAL INFORMATION
fixed length control field 060502s2006 dcua b 000 0 eng
010 ## - LIBRARY OF CONGRESS CONTROL NUMBER
LC control number 2006046424
020 ## - INTERNATIONAL STANDARD BOOK NUMBER
International Standard Book Number 0821366475
020 ## - INTERNATIONAL STANDARD BOOK NUMBER
International Standard Book Number 9780821366479
040 ## - CATALOGING SOURCE
Original cataloging agency DLC
Transcribing agency DLC
Modifying agency DLC
042 ## - AUTHENTICATION CODE
Authentication code pcc
050 00 - LIBRARY OF CONGRESS CALL NUMBER
Classification number HD6300
Item number .DIA 2006
082 00 - DEWEY DECIMAL CLASSIFICATION NUMBER
Classification number 331.6/2
Edition number 22
245 00 - TITLE STATEMENT
Title Diaspora networks and the international migration of skills :
Remainder of title how countries can draw on their talent abroad /
Statement of responsibility, etc. edited by Yevgeny Kuznetsov.
260 ## - PUBLICATION, DISTRIBUTION, ETC.
Place of publication, distribution, etc. Washington, DC :
Name of publisher, distributor, etc. World Bank,
Date of publication, distribution, etc. c2006.
300 ## - PHYSICAL DESCRIPTION
Extent xi, 237 p. :
Other physical details ill. ;
Dimensions 27 cm.
440 #0 - SERIES STATEMENT/ADDED ENTRY--TITLE
Title WBI development studies
504 ## - BIBLIOGRAPHY, ETC. NOTE
Bibliography, etc. note Includes bibliographical references.
650 #0 - SUBJECT ADDED ENTRY--TOPICAL TERM
Topical term or geographic name entry element Foreign workers.
650 #0 - SUBJECT ADDED ENTRY--TOPICAL TERM
Topical term or geographic name entry element Human capital.
650 #0 - SUBJECT ADDED ENTRY--TOPICAL TERM
Topical term or geographic name entry element Brain drain.
650 #0 - SUBJECT ADDED ENTRY--TOPICAL TERM
Topical term or geographic name entry element Employment in foreign countries.
650 #0 - SUBJECT ADDED ENTRY--TOPICAL TERM
Topical term or geographic name entry element Emigration and immigration
General subdivision Economic aspects.
700 1# - ADDED ENTRY--PERSONAL NAME
Personal name Kuznetsov, Yevgeny
Fuller form of name (Yevgeny N.),
Dates associated with a name 1964-
906 ## - LOCAL DATA ELEMENT F, LDF (RLIN)
a 7
b cbc
c orignew
d 1
e ocip
f 20
g y-gencatlg
942 ## - ADDED ENTRY ELEMENTS (KOHA)
Source of classification or shelving scheme Library of Congress Classification
Koha item type Books
Classification part 6300
Item part DIA
Call number prefix HD
Holdings
Withdrawn status Lost status Damaged status Not for loan Collection code Home library Current library Shelving location Date acquired Total Checkouts Full call number Barcode Date last seen Copy number Price effective from Koha item type
        Non-fiction City Campus Library City Campus Library General Stacks 12/02/2020   HD 6300 DIA 2006 004416 12/02/2020 c.1 12/02/2020 Books